Countries With the Busiest Airports - Statistics

General Stats
  • This quiz has been taken 271 times
  • The average score is 11 of 13
Answer Stats
Hint Answer % Correct
USA
100%
China
98%
France
97%
UK
97%
Germany
96%
Japan
95%
Spain
89%
UAE
77%
Turkey
73%
Indonesia
72%
Singapore
68%
Netherlands
67%
Thailand
64%
No matching quizzes found
Score Distribution
Percent of People with Each Score
Percentile by Number Answered
Your Score History
You have not taken this quiz